000 00455nam a22001817a 4500
005 20220704114417.0
008 220704b ||||| |||| 00| 0 eng d
040 _aIN-DiNC
_cIN-DiNC
041 _dasm
082 _a891.4514
100 _aKonwar Arpana
_eEditor
245 _aAsamiya gadya chayanika
_ced by Arpana Konwar
250 _a3rd ed.
260 _aDibrugarh
300 _a245p.
700 _aJayanta Kumar Baruah
_eEditor
942 _2ddc
_cBK
999 _c11352
_d11352